top 15 smallest countries - Statistics

General Stats
  • This quiz has been taken 21 times
  • The average score is 9 of 15
Answer Stats
Hint Answer % Correct
These are in order from smallest to biggest Vatican City
94%
a Liechtenstein
82%
So you dont need these xd Monaco
82%
idk what to put so yea Nauru
82%
a San Marino
82%
a Tuvalu
71%
a Malta
59%
a Saint Kitts And Nevis
59%
a Marshall Islands
53%
a Antigua and Barbuda
47%
a Grenada
47%
a Saint Vincent And The Grenadines
47%
a Barbados
41%
a Seychelles
29%
a Maldives
24%
No matching quizzes found
Score Distribution
Percent of People with Each Score
Percentile by Number Answered
Your Score History
You have not taken this quiz